[Event "GER-chT U12"]
[Site "Magdeburg"]
[Date "2023.12.27"]
[Round "1.4"]
[White "Vu, Khoi Nguyen"]
[Black "Loeffelholz, Simon"]
[Result "1-0"]
[WhiteElo "1599"]
[BlackElo "1271"]
[PlyCount "119"]
[EventDate "2023.12.26"]
[EventType "team-swiss"]
[EventRounds "7"]
[EventCountry "GER"]
[SourceTitle "CB03_2024"]
[SourceDate "2024.01.17"]
[SourceVersion "1"]
[SourceVersionDate "2024.01.17"]
[SourceQuality "1"]
[WhiteTeam "Oberschoeneweide"]
[BlackTeam "Eichsfeld"]
[WhiteTeamCountry "GER"]
[BlackTeamCountry "GER"]

1. e4 c5 2. Nf3 d6 3. d4 cxd4 4. Nxd4 Nf6 5. Nc3 a6 6. Bd3 e5 7. Nb3 Be7 8. 0-0 0-0 9. Qe2 Qc7 10. Bg5 Nbd7 11. Rad1 Rd8 12. Bc4 b5 13. Bd5 Bb7 14. Bxb7 Qxb7 15. f3 Rac8 16. Be3 Qc7 17. Rd2 Nb6 18. Bxb6 Qxb6+ 19. Kh1 b4 20. Nd5 Nxd5 21. Rxd5 Bg5 22. Rfd1 Qc6 23. c4 Be7 24. Na5 Qb6 25. Qd2 Rc5 26. Nb7 Rxd5 27. Qxd5 Rd7 28. Nc5 Rd8 29. Nd3 a5 30. b3 Rb8 31. c5 dxc5 32. Nxe5 Qe6 33. Nc6 Re8 34. Qxe6 fxe6 35. Nxa5 Ra8 36. Nc6 Bf6 37. e5 Bg5 38. Ra1 Rc8 39. f4 Rxc6 40. fxg5 Kf7 41. h4 Kg6 42. g4 c4 43. Rc1 Rc5 44. Rxc4 Rxe5 45. Rxb4 Re1+ 46. Kg2 Re2+ 47. Kf3 Rxa2 48. Rb6 Kf7 49. h5 Ra1 50. Rb7+ Kf8 51. b4 Rf1+ 52. Kg2 Rf4 53. Kg3 Rc4 54. b5 e5 55. b6 Rc3+ 56. Kf2 e4 57. Ra7 e3+ 58. Ke2 Rc4 59. b7 Rc7 60. b8Q+ 1-0

[Event "GER-ch U25-C"]
[Site "Willingen"]
[Date "2023.05.28"]
[Round "1"]
[White "Funke, Maximilian1111"]
[Black "Loeffelholz, Simon"]
[Result "0-1"]
[WhiteElo "1031"]
[BlackElo "1264"]
[PlyCount "92"]
[EventDate "2023.05.27"]
[EventType "swiss"]
[EventRounds "9"]
[EventCountry "GER"]
[SourceTitle "CBM 214 Extra"]
[Source "ChessBase"]
[SourceDate "2023.07.31"]
[SourceVersion "1"]
[SourceVersionDate "2023.07.31"]
[SourceQuality "1"]

1. e4 c6 2. Nc3 d5 3. exd5 cxd5 4. d4 Bf5 5. Nf3 Nf6 6. Bf4 a6 7. Bd3 Bxd3 8. Qxd3 Nc6 9. 0-0-0 e6 10. a3 Bd6 11. Bxd6 Qxd6 12. Rhe1 Ng4 13. Rd2 Nxh2 14. Nxd5 Qxd5 15. Nxh2 Rc8 16. Nf3 b5 17. c3 b4 18. axb4 Nxb4 19. Qe3 Qa2 20. Kd1 Qb3+ 21. Ke2 Nc2 22. Qd3 Nxe1 23. Qxa6 Qc4+ 24. Qxc4 Rxc4 25. Kxe1 Ke7 26. Ne5 Ra4 27. Nc6+ Kf6 28. g3 h5 29. Ne5 h4 30. gxh4 Rxh4 31. Nd7+ Kf5 32. Nc5 Rh1+ 33. Ke2 Ra2 34. Kd3 Raa1 35. Nb3 Rad1 36. Kc2 Rxd2+ 37. Kxd2 Rb1 38. Kc2 Rf1 39. c4 Rxf2+ 40. Kc3 Kf6 41. c5 Ke7 42. Kc4 Rxb2 43. Na5 g5 44. c6 g4 45. Kc5 g3 46. c7 Kd7 0-1

[Event "GER-ch Youth-C"]
[Site "Willingen"]
[Date "2022.06.11"]
[Round "9"]
[White "Loeffelholz, Simon"]
[Black "Hapke, Marvin"]
[Result "1/2-1/2"]
[WhiteElo "1044"]
[BlackElo "1262"]
[PlyCount "41"]
[EventDate "2022.06.04"]
[EventType "swiss"]
[EventRounds "9"]
[EventCountry "GER"]
[SourceTitle "CBM 208 Extra"]
[Source "ChessBase"]
[SourceDate "2022.07.31"]
[SourceVersion "1"]
[SourceVersionDate "2022.07.31"]
[SourceQuality "1"]

1. e4 d5 2. exd5 Nf6 3. d4 Nxd5 4. c4 Nf6 5. Nf3 Bf5 6. Nc3 c6 7. Be3 e6 8. Bd3 Bxd3 9. Qxd3 Nbd7 10. Rb1 Qc7 11. b4 Rd8 12. c5 e5 13. 0-0 Be7 14. Qc4 b6 15. Ng5 0-0 16. f4 e4 17. Ncxe4 Nd5 18. Qd3 Rfe8 19. Nd6 Bxg5 20. Nxe8 Rxe8 21. Rbe1 1/2-1/2

[Event "GER Pfingstopen U12"]
[Site "Playchess.com INT"]
[Date "2020.06.02"]
[Round "1"]
[White "Mueller, Maximilian3333"]
[Black "Loeffelholz, Simon"]
[Result "1-0"]
[WhiteElo "1502"]
[BlackElo "1620"]
[PlyCount "75"]
[EventDate "2020.06.02"]
[EventType "swiss (blitz)"]
[EventRounds "11"]
[EventCountry "GER"]
[SourceTitle "CBM 197 Extra"]
[Source "ChessBase"]
[SourceDate "2020.09.30"]
[SourceVersion "1"]
[SourceVersionDate "2020.09.30"]
[SourceQuality "1"]

1. e4 Nf6 2. e5 Nd5 3. d4 Nc6 4. c4 Nb6 5. Nf3 g6 6. Nc3 Bg7 7. c5 Nc4 8. Bxc4 0-0 9. 0-0 d6 10. exd6 cxd6 11. cxd6 Qxd6 12. d5 Bf5 13. Be3 e5 14. dxe6 fxe6 15. Qxd6 Rfd8 16. Bxe6+ Kh8 17. Qxd8+ Rxd8 18. Bxf5 gxf5 19. Rad1 Re8 20. Nd4 Bxd4 21. Bxd4+ Kg8 22. Be3 b6 23. Rd6 Rc8 24. Rfd1 Ne7 25. Rd8+ Rxd8 26. Rxd8+ Kf7 27. Rd7 Ke8 28. Rxa7 Nc6 29. Rxh7 Kd8 30. Bxb6+ Kc8 31. Rc7+ Kb8 32. Rxc6 f4 33. Rc7 f3 34. h4 fxg2 35. h5 Ka8 36. h6 Kb8 37. h7 Ka8 38. h8Q# 1-0